| 000 | 00762cam a2200253 4500 | ||
|---|---|---|---|
| 001 | 7977 | ||
| 005 | 20230410130513.0 | ||
| 008 | 060907s1993 sp spa | ||
| 020 | _a843500838X | ||
| 035 | _9funglode8044 | ||
| 041 | _aspa | ||
| 050 | 1 | 4 |
_aPG 3479 _bB864m 1993 |
| 082 | 0 | 0 | _a891.74 |
| 100 | 1 |
_aBrodsky, Joseph, _d1940-1996. |
|
| 245 | 1 | 0 |
_aMarca de agua : _bapuntes venecianos / _cJoseph Brodsky ; [traducción de Horacio Vázquez Rial]. |
| 260 |
_aBarcelona : _bEdhasa, _c1993 |
||
| 300 |
_a106 p. ; _c20 cm |
||
| 440 | 0 |
_aNarrativas contemporáneas, _v138. |
|
| 500 | _aTitulo original. : Watermark. | ||
| 650 | 4 | _aEnsayos rusos. | |
| 650 | 4 |
_aLiteratura rusa _ySiglo XX. |
|
| 700 | 1 |
_aVázquez Rial, Horacio, _etrad. |
|
| 942 |
_2lcc _cbk |
||
| 999 |
_c75287 _d75287 |
||